Continuing liability (Record no. 3031)
[ view plain ]
| 000 -LEADER | |
|---|---|
| fixed length control field | 01219cab a2200205 4500 |
| 001 - CONTROL NUMBER | |
| control field | ABS37516 |
| 008 - FIXED-LENGTH DATA ELEMENTS--GENERAL INFORMATION | |
| fixed length control field | 090401t1987 xxu||||| |||| 00| 0 eng d |
| 035 ## - SYSTEM CONTROL NUMBER | |
| System control number | (Sirsi) u5047 |
| 041 ## - LANGUAGE CODE | |
| Language code of text/sound track or separate title | eng |
| 100 ## - MAIN ENTRY--PERSONAL NAME | |
| Personal name | Bright, S.J. |
| 245 ## - TITLE STATEMENT | |
| Title | Continuing liability |
| 260 ## - PUBLICATION, DISTRIBUTION, ETC. | |
| Date of publication, distribution, etc. | 1987 |
| 350 ## - PRICE (NR) (BK AM CF MU VM SE) [OBSOLETE] | |
| Price | 0 |
| 490 ## - SERIES STATEMENT | |
| Series statement | Law Society`s Gazette |
| Volume/sequential designation | 84 (9) 4 March 1987, 642-643 (2) |
| 520 ## - SUMMARY, ETC. | |
| Summary, etc. | Under the doctrine of privity of contract , an original tenant remains liable to the original landlord throughout the term of the lease of a property , whether or not the tenant has ceased to occupy the property. Recognising the unfairness of the present system the Law Commission has published a working paper. Suggested reforms include abrogation of privity of contract and differentiating between residential and commercial lettings. Also looks at reforms not considered by the Law Commssion such as the possibility of the original tenant insuring against future claims and negotiating a variation in the lease so that the tenant`s liability will cease when he ceases to have an interest in the property. |
| 650 ## - SUBJECT ADDED ENTRY--TOPICAL TERM | |
| Topical term or geographic name entry element | LAW COMMISSION WORKING PAPER NO 95 |
| 690 ## - LOCAL SUBJECT ADDED ENTRY--TOPICAL TERM (OCLC, RLIN) | |
| Topical term or geographic name as entry element | PROPERTY-LANDLORD AND TENANT |
| 942 ## - ADDED ENTRY ELEMENTS (KOHA) | |
| Suppress in OPAC | 0 |
| 948 ## - LOCAL PROCESSING INFORMATION (OCLC); SERIES PART DESIGNATOR (RLIN) | |
| c (OCLC) | 04/03/1997 |
| Withdrawn status | Lost status | Source of classification or shelving scheme | Damaged status | Not for loan | Home library | Current library | Shelving location | Date acquired | Total Checkouts | Full call number | Barcode | Date last seen | Copy number | Price effective from | Koha item type |
|---|---|---|---|---|---|---|---|---|---|---|---|---|---|---|---|
| Dewey Decimal Classification | London | London | Journal article | 14/09/1999 | ABS37516 | 5047-1001 | 06/08/2019 | 1 | 06/08/2019 | Journal article |